| 000 | 00579nam a2200193 i 4500 | ||
|---|---|---|---|
| 001 | 27598 | ||
| 003 | ES-MaACL | ||
| 005 | 20230906153646.0 | ||
| 007 | t| | ||
| 008 | 030115s1901 fr ||||1| fre d | ||
| 100 | 1 |
_aAucamus, Eugène. _923832 |
|
| 245 | 1 | 0 |
_aBois et metaux / _cEugène Aucamus. |
| 260 |
_a[S.l. : _bs.n., _c1901] ( _fTours Deslin Frerès) |
||
| 300 |
_aX, 339 p. ; _c19 cm. |
||
| 490 | 1 | _aBibliothèque du conducteur de travaux publics | |
| 830 | 0 |
_aBibliothèque du conducteur de travaux publics _9180955 |
|
| 852 |
_aES-MaACL _jF-2075 |
||
| 999 |
_c27598 _d27598 |
||